[Event "It (open)"]
[Site "masterchessopen.com Andorra"]
[Round "8"]
[White "Del Rio Angelis Salvador G (ESP)"]
[Black "Baklan Vladimir (UKR)"]
[Result "1-0"]
[WhiteElo "2512"]
[BlackElo "2639"]

1.d4 Nf6 2.c4 e6 3.Nc3 Bb4 4.e3 O-O 5.Bd3 c5 6.Nf3 d5 7.O-O dxc4 8.Bxc4 Nbd7
9.Qb3 a6 10.a4 Qe7 11.Rd1 Rb8 12.e4 cxd4 13.Nxd4 Bd6 14.h3 Nc5 15.Qc2 Qc7
16.Nf3 Ncd7 17.Qd3 Bc5 18.Qe2 Nh5 19.e5 Ng3 20.Qe1 Nf5 21.Bd3 b6 22.Bxf5 exf5
23.Nd5 Qc6 24.b4 Re8 25.bxc5 bxc5 26.Qc3 Bb7 27.Bb2 Nf8 28.Ne3 Qe4 29.Nc4 Re6
30.Nd6 Qc6 31.Nxf5 Ng6 32.Rd6 Qe8 33.Ng5 Nf4 34.Qd2 Nxg2 35.f3 Rg6 36.Rxg6
hxg6 37.Nd6 Qd8 38.Kxg2 Bd5 39.Nge4 c4 {#r} 1-0

[Event "It (open)"]
[Site "masterchessopen.com Pardubice (Czech Republic)"]
[Date "2007.07.28"]
[Round "9"]
[White "Podolchenko Evgeniy (BLR)"]
[Black "Gajewski Grzegorz (POL)"]
[Result "0-1"]
[WhiteElo "2460"]
[BlackElo "2573"]

{ Gajewski Grzegorz (POL) +1 =0 -0 } 1.d4 Nf6 2.c4 e6 3.Nc3 Bb4 4.Nf3 d5 5.e3
O-O 6.Bd3 { ? } ( 6.a3 Bxc3+ 7.bxc3 c5 8.Bb2 Nc6 9.Rc1 Re8 10.Bd3 dxc4 11.Bxc4
e5 12.dxe5 Qxd1+ 13.Rxd1 Nxe5 14.Nxe5 Rxe5 15.Be2 Bd7 16.c4 Re7 17.h4 Ne4
18.h5 Ba4 19.Rd3 b5 20.cxb5 Bxb5 21.Rd1 Bxe2 22.Kxe2 Rb8 23.Ba1 f5 24.Rd5 Rb3
25.Rxf5 Rxa3 { ...1/2-1/2, Kramnik Vladimir 2750 - Computer "Deep Fritz", Bonn
3.12.2006 Match "Man-Machine" } ) 6...c5 { ? } ( 6...Nbd7 7.O-O dxc4 8.Bxc4
Bd6 9.e4 e5 10.Bg5 h6 11.Bh4 a6 12.Rc1 exd4 13.Qxd4 g5 14.Bg3 Bxg3 15.hxg3 Nb6
16.Nd5 Nbxd5 17.exd5 Qd6 18.Bb3 Re8 19.Qc5 Re7 20.Nd4 Qxc5 21.Rxc5 Kf8 22.Rfc1
Ne8 23.f3 Bd7 24.Kf2 Rd8 25.g4 { 1/2-1/2, Babula Vlastimil 2565 - Epishin
Vladimir 2583 , Graz 2001 It (open) } ) 7.O-O dxc4 8.Bxc4 Nbd7 9.Qe2 b6 10.a3
cxd4 ( 10...Bxc3 11.bxc3 Bb7 12.a4 Qc7 13.a5 e5 14.Bb2 Rac8 15.axb6 axb6
16.Nd2 Rfe8 17.f3 exd4 18.cxd4 Nd5 19.e4 cxd4 20.Bxd4 Qd6 21.Rfd1 Nf4 22.Qe3
Ne6 23.Bxe6 Qxe6 24.Nf1 Nc5 25.Ng3 Qg6 26.Rac1 Rcd8 27.Bxc5 bxc5 28.Qxc5 Rxd1+
29.Rxd1 Qc6 30.Qd4 { ...1-0, Hillarp Persson Tiger 2557 - Carlsson Pontus 2492
, Malme 18. 4.2007 It (cat.13) } ) 11.exd4 ( 11.Nb5 Be7 12.Nbxd4 Bb7 13.Rd1
Qc7 14.b3 Ne5 15.Nxe5 { 1/2-1/2, Peralta Fernando 2546 - Delchev Aleksander
2637 , Andorra la Vella 16. 7.2006 It (open) } ) 11...Bxc3 12.bxc3 { = }
12...Qc7 13.Bd2 Bb7 14.Bd3 Rfe8 ( 14...Qd6 15.Rfe1 Rac8 16.a4 a5 17.Rab1 h6
18.Ba6 Bxa6 19.Qxa6 Qc6 20.Ne5 Qxa4 21.Qd3 Rfd8 22.Nxd7 Nxd7 23.Re4 Qa2
24.Ree1 Nc5 25.Qe2 Nb3 26.Red1 Nxd2 27.Rbc1 Qb2 28.Qxd2 Qxd2 29.Rxd2 b5 30.Kf1
Rc4 31.Rb1 b4 32.cxb4 axb4 33.Rbd1 Rd5 34.Ke2 { ...0-1, Colin Vincent 2396 -
Marzolo Cyril 2437 , Aix les Bains 2003 Ch France (accession) } ) ( 14...Rac8
15.Ne5 Nxe5 16.dxe5 Nd7 17.Rfe1 Nc5 18.Bc2 Rcd8 19.Rad1 f5 { 1/2-1/2, Abhishek
Das 2307 - Ramesh R B 2491 , Atul 29.12.2006 Ch India } ) 15.Rfe1 Rac8 (
15...Rad8 16.Rad1 Nd5 17.Ng5 Nf8 18.Qh5 h6 19.Ne4 Nf4 20.Qg4 N8g6 21.Qg3 Re7
22.Bf1 Kh8 23.c4 Red7 24.Nc3 Ba6 25.Bxf4 Nxf4 26.d5 exd5 27.cxd5 Bxf1 28.d6
Qc4 29.Rxf1 Rxd6 30.Rxd6 Rxd6 { 0-1, Lesiege Alexandre 2375 - Farago Ivan 2510
, Hyeres 1992 It (open) } ) 16.a4 ( 16.Rac1 Bd5 17.c4 Bxf3 18.Qxf3 e5 19.d5
Qc5 20.Bf5 g6 21.Bg5 gxf5 22.Qxf5 Qd6 23.Rc3 Nh5 24.Qh3 Qg6 25.Qxd7 Qxg5 26.f4
Qg6 27.fxe5 Kh8 28.Rf3 Rg8 29.g3 Rxc4 30.Qxf7 Qg4 31.e6 Qd4+ 32.Kh1 Qd2
33.Ref1 Rc2 34.R1f2 Qd1+ 35.Rf1 Qxd5 { ...1/2-1/2, Danner Georg 2402 - Lukacs
Peter 2405 , Wroclaw 1980 It (a) } ) ( 16.Ne5 Nxe5 17.dxe5 Qc6 18.f3 Nd7
19.Kh1 Qc7 20.c4 Nc5 21.Bc2 Bc6 22.a4 a5 23.Bg5 Rf8 24.Qf2 f5 25.exf6 gxf6
26.Be3 e5 27.Bxc5 bxc5 28.Qxc5 Qg7 29.Bf5 Rc7 30.Qxa5 Kh8 31.Be6 Re8 32.Bd5
Bxd5 33.Qxd5 Rd7 34.Qb5 Rg8 35.Ra2 Rd4 { ...1/2-1/2, Najdorf Miguel 2445 -
Rubinetti Jorge 2382 , Buenos Aires 8.1968 Tournament } ) 16...Bd5 ( 16...Red8
17.a5 { -0.11 CAP } ) 17.Ne5 Nxe5 18.dxe5 ( 18.Qxe5 { +0.41 CAP } ) 18...Nd7
19.Qh5 f5 ( 19...g6 20.Qh4 Bc4 21.Bc2 Qb8 22.Bg5 Bd5 23.Re3 Nxe5 24.Rh3 h5
25.Bf6 Nd7 26.Rg3 Rc4 27.Bd4 Nf8 28.Bd3 Rxd4 29.cxd4 Rc8 30.Qg5 Rc3 31.h4 Qd6
32.Rc1 Rxc1+ 33.Qxc1 Qb4 34.Qa1 Qe7 35.Rh3 Qf6 36.Qc3 Qf4 37.Bf1 Nh7 38.Qe3
Qg4 39.Qe5 { ...1-0, Hillarp Persson Tiger 2507 - Ionescu Constantin 2434 ,
Batumi 6.12.1999 Ch Europe (team) } ) 20.exf6 { +0.18 CAP } 20...Nxf6 21.Qh4
Bc4 22.Bc2 Bd5 { N } ( 22...Qf7 23.Re5 Red8 24.Bg5 Rd7 25.Rae1 Bd5 26.R5e3 Rc4
27.f4 Nh5 28.Bb3 Rc6 29.Bxd5 Rxd5 30.g4 Nxf4 31.Rf1 Rc4 32.Ref3 e5 33.Qe1 Qd7
34.Bxf4 exf4 35.h3 h5 36.gxh5 Rxh5 37.Qe2 Rxa4 38.Rd1 Qf7 39.Rd8+ Kh7 40.Qc2+
Qg6+ 41.Qxg6+ Kxg6 42.Rd6+ { ...0-1, Zsinka Laszlo 2335 - Sher Miron N 2431 ,
Budapest 1989 Memorial Elekes } ) 23.Bg5 Qf7 24.Bd3 h6 25.Bd2 e5 26.Re3 Qh5 {
?! } ( 26...Bc4 { !? } 27.Bf5 Rcd8 28.Be1 e4 { } ) 27.Qxh5 Nxh5 28.Bb5 Re7
29.c4 Bc6 30.Bb4 Ree8 31.Ba6 Rcd8 32.Bc3 Nf4 33.f3 { ?! } ( 33.Bb5 { !? }
33...Rc8 34.Bxc6 Rxc6 35.Bxe5 Ng6 36.Bd4 Rec8 37.c5 { } ) 33...e4 34.fxe4 Rxe4
35.Rxe4 Bxe4 36.Re1 Bxg2 37.Re7 Rd1+ 38.Kf2 Rf1+ 39.Ke3 Rf3+ 40.Kd2 Rf2+
41.Kc1 Nd3+ 42.Kb1 Nc5 43.Bd4 Be4+ 44.Kc1 Nb3+ 45.Kd1 Rd2+ { } {#R} 0-1

[Event "It \"]
[Site "masterchessopen.com Olomouc (Czech Republic)"]
[Date "2007.08.05"]
[Round "7"]
[White "Bernasek Jan (CZE)"]
[Black "Can Emre (TUR)"]
[Result "0-1"]
[WhiteElo "2530"]
[BlackElo "2436"]

{ Bernasek Jan (CZE) +1 =0 -0 Can Emre (TUR) +0 =0 -1 } 1.d4 Nf6 2.c4 e6 3.Nc3
Bb4 4.e3 c5 5.Nf3 O-O 6.Bd3 d5 7.O-O dxc4 8.Bxc4 Nbd7 9.a3 { ?/= } 9...Ba5 (
9...cxd4 10.exd4 Bxc3 11.bxc3 Qc7 12.Qb3 b6 13.Be2 Bb7 14.c4 h6 15.a4 Rfd8
16.Bb2 Rac8 17.a5 Ne4 18.axb6 axb6 19.Ra7 Ra8 20.Rfa1 Qc6 21.Bf1 Nd6 22.Qc3 f6
23.Qb3 Rxa7 24.Rxa7 Kf7 25.d5 exd5 26.Nd4 Qc5 27.Qh3 Nf8 28.Nf5 Qc6 29.cxd5 {
...1-0, Jorczik Julian 2207 - Can Emre 2399 , Batumi 25.10.2006 Ch World
(juniors) (under 16) } ) 10.Qe2 ( 10.Ne2 cxd4 11.Nexd4 e5 12.Nb5 e4 13.Nd2 Ne5
14.b4 Bb6 15.Bb2 Qe7 16.Qb3 a6 17.Nc3 Nxc4 18.Qxc4 Be6 19.Qe2 Bg4 20.Nd5 Nxd5
21.Qxg4 f5 22.Qd1 Rfd8 23.Qb3 Qf7 24.Rfd1 Rac8 25.Nf1 Nf6 26.Rxd8+ Rxd8 27.Qc2
Qe6 28.Rc1 Kf7 29.h3 Rd6 { ...1-0, Braun Arik 2229 - Levin Felix 2531 ,
Altenkirchen 2001 Ch Germany } ) ( 10.Nb5 cxd4 11.b4 a6 12.Nbxd4 Bc7 13.Bxe6
Nb6 14.Bb3 Bg4 15.h3 Bd7 16.Bb2 Ne4 17.Rc1 Rc8 18.a4 Qe8 19.a5 Na4 20.Ba1 b6
21.axb6 Nxb6 22.Qd3 Qe7 23.Bb2 Ng5 24.Bc2 Qd6 25.Rfd1 Rfd8 26.Qxa6 Be6 27.Bd3
h6 28.Qa1 Bd5 29.e4 Bb7 { ...1-0, Aleksandrov Aleksej 2659 - Gershon Alik 2524
, Istanbul 2003 Ch Europe } ) 10...a6 11.dxc5 ( 11.Bd3 h6 12.Rd1 Qe7 13.Bc2
Rd8 14.Bd2 cxd4 15.exd4 Nf8 16.Bf4 Nh5 17.Be3 Nf6 18.Bf4 Nh5 19.Be5 f6 20.Bg3
Nxg3 21.hxg3 Re8 22.b4 Bd8 23.Bb3 Kh7 24.d5 exd5 25.Qc2+ g6 26.Nxd5 Qg7 27.Nf4
Bf5 28.Qa2 Bc7 29.Nd5 Bd8 30.Rd2 a5 { ...1-0, Lautier Joel 2653 - Barsov
Alexei 2525 , Breda 2001 Ch Netherlands (team) 2001 (play-off) } ) 11...Bxc3
12.c6 Ba5 13.cxd7 Bxd7 { +0.33 CAP N } ( 13...Nxd7 14.b4 Bc7 15.Bb2 b5 16.Bd3
Bb7 17.Rac1 e5 18.Bxh7+ Kxh7 19.Qc2+ Kg8 20.Qxc7 Bxf3 21.gxf3 Qg5+ 22.Kh1 Qf5
23.f4 exf4 24.Qxf4 Qxf4 25.exf4 Rac8 26.Rfd1 Nb6 27.Rxc8 Rxc8 28.Rg1 g6 29.f5
Nc4 30.Bd4 Rc6 31.Rg3 Rd6 32.Bc5 Rd1+ 33.Kg2 { ...1/2-1/2, Unzicker Wolfgang
2433 - Rabar Braslav, Opatija 1953 It } ) 14.e4 b5 15.Bd3 Bc6 16.e5 Bxf3
17.Qxf3 Nd7 18.Qh3 g6 19.Bh6 Re8 20.Rad1 Qe7 21.f4 f5 22.exf6 Nxf6 23.Bg5 Qf7
24.Bb1 Rad8 25.Ba2 { ?! } ( 25.Bd3 { !? } 25...Bb6+ 26.Kh1 Rd4 27.Qf3 Nd5
28.g3 Ra4 29.Rd2 Rc8 30.Rfd1 { } ) 25...Bb6+ 26.Kh1 Rxd1 27.Rxd1 Ne4 28.Bh4
Qxf4 29.Bxe6+ Kh8 30.Bd5 Rd8 31.Re1 Rxd5 32.Qc8+ Kg7 33.Qb7+ Bc7 34.Bg3 Nxg3+
35.hxg3 Rh5+ { } {#R} 0-1

[Event "Ch Europe (active) (w)"]
[Site "masterchessopen.com Predeal (Romania)"]
[Date "2007.08.08"]
[Round "3"]
[White "Motoc Alina (ROM)"]
[Black "Peptan Corina-Isabela (ROM)"]
[Result "0-1"]
[WhiteElo "2300"]
[BlackElo "2405"]

1.d4 Nf6 2.c4 e6 3.Nc3 Bb4 4.e3 O-O 5.Bd3 d5 6.Nf3 c5 7.O-O dxc4 8.Bxc4 Nbd7
9.a3 Bxc3 10.bxc3 Qc7 11.Ba2 b6 12.Re1 Bb7 13.a4 Rac8 14.Ba3 Rfd8 15.Rc1 Nf8
16.Ne5 Ng6 17.Nxg6 hxg6 18.f3 Bd5 19.Bxd5 Nxd5 20.e4 Nf6 21.Qe2 cxd4 22.cxd4
Qd7 23.Bb2 Qxa4 24.Ra1 Qd7 25.Qa6 Rc2 26.Bc1 Qxd4+ 27.Be3 Qb2 28.Qf1 Rd7
29.Bf4 Qd4+ 30.Kh1 Qc4 31.Qg1 Nh5 32.Bb8 Rb7 33.Bxa7 Qc7 34.Rec1 Rxc1 35.Rxc1
Qd8 36.g4 Rxa7 37.gxh5 gxh5 38.Rd1 Qf6 39.Rd3 Ra1 40.Rd8+ Kh7 41.Rd1 Qxf3+
{#R} 0-1

[Event "It (open)"]
[Site "masterchessopen.com Abudhabi (United Arab Emirates)"]
[Date "2007.08.12"]
[Round "1"]
[White "Hejazipour Mitra (IRI)"]
[Black "Durarbeyli Vasif (AZE)"]
[Result "0-1"]
[WhiteElo "2073"]
[BlackElo "2461"]

1.d4 Nf6 2.c4 e6 3.Nc3 Bb4 4.e3 O-O 5.Bd3 c5 6.Nf3 d5 7.O-O dxc4 8.Bxc4 Nbd7
9.a3 cxd4 10.exd4 Bxc3 11.bxc3 Qc7 12.Qb3 b6 13.Be2 Bb7 14.h3 Rac8 15.Bb2 Nd5
16.Ng5 N7f6 17.Kh1 Nf4 18.Bf3 h6 19.Bxb7 Qxb7 20.Nf3 Nxh3 21.d5 Nf4 22.c4 exd5
23.Bxf6 gxf6 24.Qe3 Rxc4 25.Nd4 Qb8 26.g3 Re8 27.Qd2 Qe5 28.Rad1 Qh5+ 29.Kg1
Rxd4 {#R} 0-1

[Event "Memorial M.Sadoveanu (open)"]
[Site "masterchessopen.com Romania"]
[Date "2007.08.20"]
[Round "3"]
[White "Ungureanu Vlad (ROM)"]
[Black "Garmacea Bogdan (ROM)"]
[Result "1-0"]
[WhiteElo "2306"]
[BlackElo "2149"]

1.d4 e6 2.c4 Nf6 3.Nc3 Bb4 4.e3 O-O 5.Bd3 d5 6.Nf3 c5 7.O-O dxc4 8.Bxc4 Nbd7
9.Qe2 Qc7 10.Nb5 Qa5 11.dxc5 Nxc5 12.a3 Nce4 13.axb4 Qxa1 14.Na3 b5 15.Bb3 a5
16.Nd4 axb4 17.Ndc2 Rxa3 18.Nxa1 Rxa1 19.Bd2 Rxf1+ 20.Kxf1 Nxd2+ 21.Qxd2 Bd7
22.e4 Bc6 23.f3 h6 24.Qd6 Rc8 25.Bxe6 {#r} 1-0

[Event "Tournament (Elo) (b)"]
[Site "masterchessopen.com Leicester (England)"]
[Date "2007.09.01"]
[Round "1"]
[White "Sathiraju Vijay (ENG)"]
[Black "Edwards Alan (ENG)"]
[Result "0-1"]
[WhiteElo "1731"]
[BlackElo "2086"]

1.d4 Nf6 2.c4 e6 3.Nc3 Bb4 4.e3 O-O 5.Bd3 d5 6.Nf3 c5 7.O-O dxc4 8.Bxc4 Nbd7
9.Qe2 b6 10.a3 cxd4 11.axb4 dxc3 12.bxc3 Bb7 13.Ba6 Bxa6 14.Qxa6 Qc8 15.Bb2
Nd5 16.Rfc1 Qxa6 17.Rxa6 Rfc8 18.e4 Nf4 19.Rc2 Nd3 20.Rd2 N7e5 21.Nxe5 Nxe5
22.Rd4 Nc4 23.Bc1 Rc7 24.f4 Kf8 25.Kf2 Ke7 26.Ke2 Rac8 27.g4 Nd6 28.Bd2 Nb5
29.Rd3 Rc4 30.Ke3 R8c7 31.f5 exf5 32.gxf5 Nxc3 33.e5 Ne4 34.Be1 f6 35.e6 Nd6
36.Rxd6 Kxd6 37.Bg3+ Kd5 38.Bxc7 Rxc7 39.Ra1 Ke5 {#R} 0-1

[Event "Ch England (team) 2007/08"]
[Site "masterchessopen.com England"]
[Date "2007.09.16"]
[Round "2"]
[White "Plaskett Jim (ENG)"]
[Black "Abayasekera Roger (ENG)"]
[Result "1-0"]
[WhiteElo "2488"]
[BlackElo "2217"]

1.c4 Nf6 2.Nc3 e6 3.Nf3 d5 4.d4 Bb4 5.e3 c5 6.Bd3 O-O 7.O-O dxc4 8.Bxc4 Nbd7
9.Qe2 b6 10.Rd1 Bb7 11.d5 exd5 12.Nxd5 Nxd5 13.Bxd5 Bxd5 14.Rxd5 Qe7 15.a3 Ba5
16.e4 a6 17.Bg5 f6 18.Bf4 Rfe8 19.Qd1 Qxe4 20.Bg3 Nf8 21.b4 Bxb4 22.axb4 cxb4
23.Rd4 Qb7 24.Qb3+ Kh8 25.Qxb4 Ne6 26.Rd6 b5 27.h4 {#r} 1-0

[Event "Ch Europe (juniors) (under 16)"]
[Site "masterchessopen.com Sibenik (Croatia)"]
[Date "2007.09.18"]
[Round "5"]
[White "Goganov Aleksey (RUS)"]
[Black "Blum Nicolas (FRA)"]
[Result "1-0"]
[WhiteElo "2299"]
[BlackElo "2224"]

1.d4 Nf6 2.c4 e6 3.Nc3 Bb4 4.e3 O-O 5.Bd3 c5 6.Nf3 d5 7.O-O dxc4 8.Bxc4 Nbd7
9.Ne2 cxd4 10.Nexd4 a6 11.a3 Be7 12.b4 Qc7 13.Ba2 Rd8 14.Bb2 Nb6 15.Rc1 Qb8
16.Qc2 Bd7 17.Qb1 a5 18.bxa5 Rxa5 19.Nxe6 Bxe6 20.Bxe6 Rb5 21.Qa2 fxe6
22.Qxe6+ Kh8 23.Be5 Bd6 24.Ng5 Rd7 25.Bxd6 Qd8 26.Bc5 Na4 27.Rcd1 Nxc5 28.Nf7+
Kg8 29.Qc4 Qe7 30.Nd6+ Kf8 31.Nxb5 Nce4 32.Qb4 Nc5 33.Rxd7 Nfxd7 34.Qf4+ Kg8
35.Rd1 {#r} 1-0

[Event "It (open)"]
[Site "masterchessopen.com Calvia (Spain)"]
[Date "2007.10.18"]
[Round "4"]
[White "Peralta Fernando (ARG)"]
[Black "Mascaro March Pedro (ESP)"]
[Result "1-0"]
[WhiteElo "2546"]
[BlackElo "2370"]

1.d4 Nf6 2.c4 e6 3.Nc3 Bb4 4.e3 O-O 5.Bd3 d5 6.Nf3 c5 7.O-O dxc4 8.Bxc4 Nbd7
9.Qb3 Qe7 10.Rd1 cxd4 11.exd4 h6 12.Ne5 Nb6 13.Be2 Bd7 14.Nxd7 Nfxd7 15.Bf3
Nf6 16.Bxb7 Qxb7 17.Qxb4 Nfd5 18.Qb3 Nxc3 19.Qxc3 Nd5 20.Qg3 Kh8 21.Qh4 Ne7
22.d5 exd5 23.b3 Ng6 24.Qd4 Ne7 25.Bb2 f6 26.h3 Rfe8 27.Rac1 Rac8 28.Rxc8 Rxc8
29.Qe3 Qd7 30.Qf3 Rc2 31.Bxf6 gxf6 32.Qxf6+ Kh7 33.Qf7+ Kh8 34.Qf6+ Kh7
35.Qf7+ Kh8 36.Rd3 Qf5 37.Qe8+ Ng8 38.Rg3 Qxf2+ 39.Kh2 Qxg3+ 40.Kxg3 Rxa2
41.Qe5+ Kh7 42.Qxd5 Kg7 43.Qe5+ Nf6 44.Kf3 Kg6 45.g4 Ra3 46.Qe6 a5 47.h4 Ra1
48.Kg2 Ra2+ 49.Kg3 {#r} 1-0

[Event "Ch India (w)"]
[Site "masterchessopen.com Pune (India)"]
[Date "2007.11.06"]
[Round "1"]
[White "Swati Mohota (IND)"]
[Black "Karavade Eesha (IND)"]
[Result "0-1"]
[WhiteElo "2112"]
[BlackElo "2331"]

1.d4 Nf6 2.c4 e6 3.Nc3 Bb4 4.e3 O-O 5.Bd3 d5 6.Nf3 c5 7.O-O dxc4 8.Bxc4 Nbd7
9.Qe2 b6 10.Rd1 cxd4 11.exd4 Bb7 12.Ne5 Re8 13.Bg5 Bxc3 14.bxc3 Qc7 15.Bb5
Rec8 16.Nxd7 Nxd7 17.Rac1 Nf8 18.Qg4 a6 19.Bd3 b5 20.h4 Bd5 21.a3 f5 22.Qe2 h6
23.Bd2 Qc6 24.f3 Bc4 25.Re1 Bxd3 26.Qxd3 Qc4 27.Qc2 Ra7 28.Qb2 Rd7 29.Ra1 Ng6
30.h5 Ne7 31.Qa2 Kf7 32.a4 Nd5 33.axb5 axb5 34.Qxc4 Rxc4 35.Ra6 Re7 36.Re5 b4
37.cxb4 Rxd4 38.Be1 Nxb4 {#R} 0-1

[Event "Cup Russia (team)"]
[Site "masterchessopen.com Miass (Russia)"]
[Date "2007.11.24"]
[Round "7"]
[White "Grishchenko Sergey (RUS)"]
[Black "Provotorov Ivan (RUS)"]
[Result "1-0"]
[WhiteElo "2355"]
[BlackElo "2401"]

1.d4 e6 2.c4 Nf6 3.Nc3 Bb4 4.Nf3 c5 5.e3 O-O 6.Bd3 d5 7.O-O dxc4 8.Bxc4 Nbd7
9.a3 cxd4 10.exd4 Bxc3 11.bxc3 Qc7 12.Qb3 b6 13.Be2 Bb7 14.Bb2 Rac8 15.c4 Ng4
16.g3 Rfd8 17.Rac1 Ngf6 18.Qe3 Qc6 19.d5 exd5 20.Nd4 Qc5 21.cxd5 Qf8 22.d6 Nd5
23.Qd2 Qxd6 24.Nf5 Qg6 25.Rxc8 Rxc8 26.Bd3 Qh5 27.Be4 Nc5 28.Qd4 Ne6 29.Qe5
Rc5 30.Bd4 Ndf4 31.Qb8+ Rc8 32.Qxb7 Ne2+ 33.Kh1 Rd8 34.Ne7+ Kf8 35.Nc6 Re8
36.Be5 Nd8 37.Bd6+ Kg8 38.Qd7 f6 39.Ne7+ Kh8 40.Ng6+ {#r} 1-0

[Event "Memorial C.Torre (open)"]
[Site "masterchessopen.com Merida (Mexico)"]
[Date "2007.12.17"]
[Round "4"]
[White "Gonzalez Garcia Jose (MEX)"]
[Black "Vera Reynaldo (CUB)"]
[Result "1-0"]
[WhiteElo "2541"]
[BlackElo "2495"]

{ } 1.d4 Nf6 2.c4 e6 3.Nc3 Bb4 4.e3 O-O 5.Bd3 d5 6.Nf3 { ? } ( 6.a3 Bxc3+
7.bxc3 dxc4 8.Bxc4 c5 9.Ne2 Nc6 10.a4 b6 11.Ba3 Qc7 12.Rc1 Rd8 13.Ng3 Bb7
14.O-O Ne5 15.Be2 Ng6 16.Qb3 Rac8 17.Rfd1 Bd5 18.Qb1 Qc6 19.Bb5 Qb7 20.f3 Bc6
21.dxc5 Rxd1+ 22.Rxd1 bxc5 23.e4 a6 24.Bf1 Qa7 25.a5 Rb8 { ...1/2-1/2, Sokolov
Ivan 2670 - Leko Peter 2741 , Odessa 5. 1.2007 Cup World (active) ACP } )
6...c5 { ? } ( 6...Nbd7 7.O-O dxc4 8.Bxc4 Bd6 9.e4 e5 10.Bg5 h6 11.Bh4 a6
12.Rc1 exd4 13.Qxd4 g5 14.Bg3 Bxg3 15.hxg3 Nb6 16.Nd5 Nbxd5 17.exd5 Qd6 18.Bb3
Re8 19.Qc5 Re7 20.Nd4 Qxc5 21.Rxc5 Kf8 22.Rfc1 Ne8 23.f3 Bd7 24.Kf2 Rd8 25.g4
{ 1/2-1/2, Babula Vlastimil 2565 - Epishin Vladimir 2583 , Graz 2001 It (open)
} ) 7.O-O dxc4 8.Bxc4 Nbd7 9.a3 { ?/= } 9...Ba5 ( 9...cxd4 10.axb4 dxc3
11.bxc3 Qc7 12.Be2 Qxc3 13.Ba3 Nd5 14.Qb1 Qf6 15.Bd3 h6 16.b5 Rd8 17.Bb2 Qe7
18.Ra4 Nc5 19.Bh7+ Kh8 20.Rh4 f6 21.Rc4 Bd7 22.Ba3 b6 23.Be4 a6 24.bxa6 Rxa6
25.Bxc5 bxc5 26.Rfc1 Ra5 27.Qb2 Rb5 28.Qa3 Nb6 29.R4c3 { ...1/2-1/2, Kramnik
Vladimir 2770 - Kasparov Garry 2849 , London 2000 Ch World (match)
"Braingames" } ) ( 9...Bxc3 10.bxc3 b6 11.Qe2 Bb7 12.a4 Qc7 13.Bb2 Rfc8
14.Rfc1 Ne4 15.Nd2 Nxd2 16.Qxd2 e5 17.a5 bxa5 18.Bf1 Nf6 19.dxe5 Ne4 20.Qc2
Qxe5 21.c4 Qe7 22.f3 Ng5 23.Qc3 f6 24.Rxa5 a6 25.Rd1 Rd8 26.Raa1 Rxd1 27.Rxd1
Rd8 28.Rd3 Nf7 29.Rxd8+ { ...1/2-1/2, Verdihanov Vladislav 2418 - Magai
Vladimir 2521 , Azov 1991 Spartakiada URS } ) 10.Bd2 ( 10.Qe2 Qe7 11.e4 cxd4
12.Nxd4 Ne5 13.Ba2 Bd7 14.Bf4 Ng6 15.Bd2 Bb6 16.Nf3 Bc6 17.Rad1 Rfd8 18.b4 a6
19.Be3 Bxe3 20.Qxe3 Rxd1 21.Rxd1 e5 22.Ng5 Be8 23.Qb6 h6 24.Nf3 Rc8 25.Nd5
Nxd5 26.exd5 Ba4 27.Re1 e4 28.h3 Nf4 29.d6 Qf6 { ...1-0, Kozakov Mikhail 2477
- Bratovic Blaz 2336 , Ptuj 30.11.2003 It (cat.5) } ) ( 10.Ne2 cxd4 11.Nexd4
e5 12.Nb5 e4 13.Nd2 Ne5 14.b4 Bb6 15.Bb2 Qe7 16.Qb3 a6 17.Nc3 Nxc4 18.Qxc4 Be6
19.Qe2 Bg4 20.Nd5 Nxd5 21.Qxg4 f5 22.Qd1 Rfd8 23.Qb3 Qf7 24.Rfd1 Rac8 25.Nf1
Nf6 26.Rxd8+ Rxd8 27.Qc2 Qe6 28.Rc1 Kf7 29.h3 Rd6 { ...1-0, Braun Arik 2229 -
Levin Felix 2531 , Altenkirchen 2001 Ch Germany } ) ( 10.Bd3 Bc7 11.b4 cxd4
12.exd4 b6 13.Re1 Bb7 14.Ne5 Rc8 15.Bb2 g6 16.Qe2 Nd5 17.Nxd5 Bxd5 18.Ba6 Ra8
19.Rac1 Bd6 20.Rc3 Nf6 21.Rh3 Ne4 22.Bd3 f5 23.Bxe4 Bxe4 24.d5 Bxe5 25.Bxe5
Qxd5 26.Ba1 e5 27.Re3 Bxg2 28.Rxe5 Qf3 29.Re7 Rf7 { ...1-0, Muratov Vladimir A
- Podgaets Mikhail 2530 , Ivano-Frankovsk 1971 Ch URS (1/2 final) } )
10...cxd4 ( 10...b6 11.Qb1 Bxc3 12.Bxc3 Bb7 13.Rd1 Qc7 14.dxc5 Qxc5 15.Be2
Rfd8 16.Qd3 Qf8 17.Qc4 Ne4 18.Bb4 { 1/2-1/2, Beliavsky Alexander G 2625 -
Carlsen Magnus 2675 , Amsterdam 22. 8.2006 It (sheveningen) } ) 11.exd4 (
11.Nxd4 Ne5 12.Be2 Bd7 13.Qb3 Nc6 14.Nf3 Qe7 15.Rfd1 Rfd8 16.Qa4 Bc7 17.Nb5
Bb6 18.Qh4 h6 19.Be1 Be8 20.Nd2 a6 21.Nc3 Nd5 22.Qxe7 Ncxe7 23.Nxd5 { 1/2-1/2,
Aleksandrov Aleksej 2634 - Adams Michael 2720 , Turin 31. 5.2006 Olympiad } )
11...Bxc3 ( 11...a6 12.a4 ( 12.Ba2 b5 13.d5 exd5 14.b4 Bc7 15.Nxd5 Nxd5 {
+0.15 CAP } ) 12...b6 13.Qe2 Bb7 14.Rfd1 Re8 15.Ne5 Bxc3 16.Bxc3 Nd5 17.Bd2
Nf8 18.Ra3 f6 19.Ng4 Ng6 20.Rg3 Kh8 21.Bd3 Ndf4 22.Bxf4 Nxf4 23.Qe3 Nxd3
24.Qxd3 Qd5 25.Qd2 Re7 26.Ne3 Qd8 27.Qd3 Rc8 28.Rh3 f5 29.f3 Rec7 30.d5 Rc1
31.d6 { ...1-0, Gligoric Svetozar 2447 - Averbakh Yuri L 2445 , Titovo Uzice
1966 It } ) 12.Bxc3 ( 12.bxc3 b6 13.Qe2 Bb7 14.Bd3 Qc7 15.Rfe1 Rfe8 16.c4 Rad8
17.Bg5 Nf8 18.Bxf6 gxf6 19.Be4 Bxe4 20.Qxe4 Qxc4 21.Qg4+ Kh8 22.Qh4 Kg7
23.Qg4+ Ng6 24.h4 Kh8 25.h5 Ne7 26.Rac1 Qd5 27.Qh4 Qf5 28.Rc7 Rg8 29.Nh2 Nd5
30.Rxf7 a5 31.g3 b5 { ...0-1, Jussupow Artur 2617 - Carlsen Magnus 2675 ,
Amsterdam 27. 8.2006 It (sheveningen) } ) 12...Nb6 { +0.41 CAP N } ( 12...Qe7
13.Qe2 b6 14.Bd3 Bb7 15.Rfe1 { 1/2-1/2, Marzolo Cyril 2437 - Nikolaidis
Ioannis 2527 , France 2. 4.2004 Ch France (team) 2004 } ) 13.Bb3 Nbd5 14.Bd2
b6 15.Ne5 Bb7 16.Qf3 Rc8 17.Bg5 Qc7 18.Rac1 Qb8 19.Bxd5 Bxd5 20.Qe3 Ne4 { ?! }
( 20...Rxc1 { !? } 21.Rxc1 Qd8 22.Qf4 Nh5 23.Qxf7+ Rxf7 24.Bxd8 Nf4 25.Nxf7
Ne2+ 26.Kf1 Nxc1 27.Nd6 { } ) 21.Nd7 Qb7 22.Nxf8 Nxg5 23.Qxg5 Rxf8 24.Rc3 h6
25.Qe5 Kh7 26.Rfc1 Qa6 27.Rg3 Rg8 28.Rc7 Qa4 29.h3 { } {#r} 1-0

[Event "Memorial C.Torre (knockout)"]
[Site "masterchessopen.com Merida (Mexico)"]
[Date "2007.12.20"]
[Round "2"]
[White "Graf Alexander (GER)"]
[Black "Quezada Yuniesky (CUB)"]
[Result "1-0"]
[WhiteElo "2574"]
[BlackElo "2546"]

1.d4 Nf6 2.c4 e6 3.Nc3 Bb4 4.e3 O-O 5.Bd3 d5 6.Nf3 c5 7.O-O dxc4 8.Bxc4 Nbd7
9.Qe2 b6 10.Rd1 cxd4 11.Nxd4 Bb7 12.e4 Bxc3 13.bxc3 Qe7 14.f3 Rfc8 15.Be3 a6
16.Rdc1 h6 17.Qf1 Qa3 18.Nb3 Rc7 19.Be2 Rac8 20.c4 e5 21.Qf2 Qd6 22.a4 Qe6
23.Rcb1 a5 24.c5 Nxc5 25.Nxc5 bxc5 26.Bd2 Ra8 27.Rb5 c4 28.Bxa5 Bc6 29.Bxc4
Qd7 30.Bxc7 Bxb5 31.Bxb5 Qxc7 32.Qe3 Nh5 33.Rc1 Qd8 34.g3 Nf6 35.Qc5 Qd2
36.Qc3 Qd6 37.a5 Qb8 38.Bc6 Ra6 39.Ba4 Qa7+ 40.Kg2 Kh7 41.Bb3 Rxa5 42.Bxf7 Ra3
43.Qc5 Ra5 44.Qf8 Qe3 45.Rc2 Ra1 46.Be6 Qg1+ 47.Kh3 Qf1+ 48.Rg2 {#r} 1-0

[Event "Ch City"]
[Site "masterchessopen.com Voronezh (Russia)"]
[Date "2008.02.29"]
[Round "4"]
[White "Chuprikov Dmitry (RUS)"]
[Black "Provotorov Ivan (RUS)"]
[Result "1-0"]
[WhiteElo "2443"]
[BlackElo "2407"]

1.d4 Nf6 2.c4 e6 3.Nc3 Bb4 4.e3 c5 5.Bd3 O-O 6.Nf3 d5 7.O-O dxc4 8.Bxc4 Nbd7
9.a3 cxd4 10.axb4 dxc3 11.bxc3 Qc7 12.Qb3 Nb6 13.Be2 e5 14.Ra5 e4 15.Nd4 Bg4
16.f3 Bh5 17.c4 exf3 18.gxf3 Nbd7 19.Bb2 a6 20.Rg5 Bg6 21.Rd1 Rfe8 22.f4 h6
23.Rg3 Be4 24.Nf3 Kh8 25.c5 Re7 26.Ne5 Rf8 27.Rd6 Nb8 28.Rxf6 gxf6 29.Ng4 Rg8
30.Nxf6 {#r} 1-0

[Event "Ch Argentina (1/2 final)"]
[Site "masterchessopen.com Buenos Aires (Argentina)"]
[Date "2008.04.13"]
[Round "4"]
[White "Calderon Fernandez Gervasio (ARG)"]
[Black "Mareco Sandro (ARG)"]
[Result "0-1"]
[WhiteElo "2302"]
[BlackElo "2481"]

1.d4 Nf6 2.c4 e6 3.Nc3 Bb4 4.e3 O-O 5.Nf3 d5 6.Bd3 c5 7.O-O dxc4 8.Bxc4 Nbd7
9.Qb3 Qe7 10.Rd1 a6 11.a4 b6 12.d5 Bxc3 13.d6 Qd8 14.bxc3 Bb7 15.Ng5 h6 16.Nh3
Ne5 17.Be2 Rb8 18.c4 Ne4 19.Bb2 Nc6 20.Bf3 Nb4 21.Bxe4 Bxe4 22.Qc3 f6 23.Nf4
Qd7 24.f3 Bc2 25.Rd2 e5 26.Nd5 Nxd5 27.Rxd5 Bxa4 28.e4 Rfe8 29.Rd3 Re6 30.Qa3
Bc6 31.Rad1 Bb7 32.Qb3 Qc6 33.d7 Rd8 34.Qa2 Kh7 35.Bc1 Qc7 36.Be3 a5 37.Qb2 a4
38.Qd2 Bc6 39.Rd6 Re7 {#R} 0-1